Renoir /

Pierre Auguste Renoir (1841-1919) es uno de los creadores del impresionismo y también uno de sus exponentes más destacados. Influenciado inicialmente por Courbet, después estuvo cerca de Monet, lo que lo llevó a una pincelada más libre y colores más claros. Viajó por Italia, España y el norte de Afr...

Бүрэн тодорхойлолт

-д хадгалсан:
Номзүйн дэлгэрэнгүй
Үндсэн зохиолч: Renoir, Pierre Auguste (pintor)
Бусад зохиолчид: Gauthier, Maximilien (texto) (texto)
Формат: Ном
Хэл сонгох:испани
Хэвлэсэн: Madrid, España : Daimon, 1965, c1965
Цуврал:(Monografías de Arte Daimon)
Нөхцлүүд:
Шошгууд: Шошго нэмэх
Шошго байхгүй, Энэхүү баримтыг шошголох эхний хүн болох!

MARC

LEADER 00000nam^a2200000^a^4500
001 000184852
005 20250526000000.0
009 20260310102130.358
037 |a Acervo ITESO - Biblioteca 
041 |a ESP 
082 |a 759. 4  |b REN GAU 
100 |a Renoir, Pierre Auguste  |e (pintor) 
245 1 0 |a Renoir /  |c P.A. Renoir ; texto de M. Gauthier ; tr. por Juan Massot Gimeno. 
264 4 |a Madrid, España :  |b Daimon,  |c 1965, c1965 
300 |a 93 p. ;  |c 28.5 cm. 
336 |a texto  |b txt  |2 rdacontenido 
337 |a sin mediación  |b n  |2 rdamedio 
338 |a volumen  |b nc  |2 rdasoporte 
440 1 |a (Monografías de Arte Daimon) 
520 |a Pierre Auguste Renoir (1841-1919) es uno de los creadores del impresionismo y también uno de sus exponentes más destacados. Influenciado inicialmente por Courbet, después estuvo cerca de Monet, lo que lo llevó a una pincelada más libre y colores más claros. Viajó por Italia, España y el norte de Africa, entre otros; asiduo visitante de los grandes museos, era un profundo admirador de Velázquez y Rafael. En esta obra se presentan algunas de sus pinturas más famosas. 
649 |a XX 
650 |a Pintores Franceses 
650 |a Artistas Franceses 
650 |a Paisajismo 
650 |a Retrato (Pintura) 
650 |a Cuerpo Humano en la Pintura 
650 |a Cuerpo Humano en el Arte 
650 |a Impresionismo 
650 |a Pintura Moderna -  |x Historia y Crítica 
650 |a Pintura Francesa -  |x Historia y Crítica 
650 |a Arte Moderno -  |x Historia y Crítica 
650 |a Arte Francés -  |x Historia y Crítica 
650 |a Renoir, Pierre Auguste -  |x Tema Principal 
700 |a Gauthier, Maximilien  |e (texto) 
910 |a Fondo Julio de la Peña Lomelín 
920 |a Impresos - Libros 
930 |a Libros Antiguos y Raros 
940 |a Arquitectos Jaliscienses 
905 |a 108 
901 |a 0500125820  |b IT2  |c LRA  |u 20250526 
902 |a https://opac.biblio.iteso.mx/vufind/Record/000184852